عرض عادي عرض مارك
  • Sampling (Statistics)

مدخل مصطلح موضوعي

عدد التسجيلات المستخدمة في: 1

001 - رقم الضبط

  • حقل الضبط: 41624

003 - معرف رقم الضبط

  • حقل الضبط: OSt

005 - تاريخ ووقت أخر عملية

  • حقل الضبط: 20140107180550.0

008 - عناصر بيانات ثابتة الطول

  • حقل تحكم ثابت الطول: 140107|||a|||||| | ||| d

040 ## - مصدر الفهرسة

  • هيئة الفهرسة الأصلية: OSt
  • وكالة الكتابة: OSt

150 ## - مدخل-- مصطلح تاريخي

  • عنصر مدخل المصطلح الموضوعي او الاسم الجغرافي: Sampling (Statistics)
  • تفريع عام: Methodology.

670 ## - بيانات المصدر موجوده

  • الاستشهاد بالمصدر: Work cat.: (OSt)0: Chambers, R. L. (Ray L.) 41623, An introduction to model-based survey sampling with applications /, 2012.